El valencià Jaume Rasquín : (Record no. 72960)

MARC details
000 -LEADER
campo de control de longitud fija 00932nam a2200229 i 4500
001 - NÚMERO DE CONTROL
campo de control 72960
003 - IDENTIFICADOR DE NÚMERO DE CONTROL
campo de control ES-MaACL
005 - FECHA Y HORA DE LA ÚLTIMA TRANSACCIÓN
campo de control 20230906171622.0
007 - CAMPO FIJO DE DESCRIPCIÓN FÍSICA--INFORMACIÓN GENERAL
campo de control de longitud fija t|
008 - DATOS DE LONGITUD FIJA--INFORMACIÓN GENERAL
campo de control de longitud fija 040903q1931 sp ||||1| cat d
080 ## - NÚMERO DE LA CLASIFICACIÓN DECIMAL UNIVERSAL
Número de la Clasificación Decimal Universal 929 Rasquí, Jaime
080 ## - NÚMERO DE LA CLASIFICACIÓN DECIMAL UNIVERSAL
Número de la Clasificación Decimal Universal 910.4(82+899:282.2 Río de la Plata)
100 1# - ENTRADA PRINCIPAL--NOMBRE DE PERSONA
Nombre de persona Campos, Presentació.
9 (RLIN) 154611
245 13 - MENCIÓN DEL TÍTULO
Título El valencià Jaume Rasquín :
Resto del título governador del Plata al segle XVI, segons la relació del seu viatge escrita per l'alferes Alonso Gómez de Santoya /
Mención de responsabilidad, etc. ; per Presentació Campos i Vicens Genovès.
260 ## - PUBLICACIÓN, DISTRIBUCIÓN, ETC.
Lugar de publicación, distribución, etc. [S.l. :
Nombre del editor, distribuidor, etc. s.n.,
Fecha de publicación, distribución, etc. 1931?]
300 ## - DESCRIPCIÓN FÍSICA
Extensión 46 p. ;
Dimensiones 25 cm.
595 ## -
-- Separata de: Estudis universitaris catalans, 1930, n. 15
600 14 - PUNTO DE ACCESO ADICIONAL DE MATERIA--NOMBRE DE PERSONA
Nombre de persona Rasquí, Jaime.
9 (RLIN) 154613
651 #4 - PUNTO DE ACCESO ADICIONAL DE MATERIA--NOMBRE GEOGRÁFICO
Nombre geográfico Río de la Plata (Región)-
Subdivisión general Descubrimientos y exploraciones.
9 (RLIN) 174384
700 1# - ENTRADA AGREGADA--NOMBRE PERSONAL
Nombre de persona Genovès, Vicent.
9 (RLIN) 154612
852 4# - LOCALIZACIÓN
Ubicación ES-MaACL
Número de control de estantería 1752-F-13
Nota libre - Dedicatoria autógrafa de los autores
Holdings
Estatus retirado Estado de pérdida Estado de daño No para préstamo Colección Biblioteca de origen Biblioteca actual Ubicación en estantería Fecha de adquisición Fuente de adquisición Total de préstamos Signatura topográfica completa Código de barras Visto por última vez Precio de reemplazo Tipo de ítem Koha
        Colección de folletos Biblioteca del Ateneo de Madrid Biblioteca del Ateneo de Madrid Depósito folletos 17/01/2008     1752-F-13 1076376 23/02/2023 23/02/2023 Folleto